UM Logo

Handbook of algorithms for wireless Networking and Mobile Computing/ (Record no. 61)

MARC details
000 -LEADER
fixed length control field 00778nam a2200277Ia 4500
003 - CONTROL NUMBER IDENTIFIER
control field OSt
005 - DATE AND TIME OF LATEST TRANSACTION
control field 20230520115529.0
008 - FIXED-LENGTH DATA ELEMENTS--GENERAL INFORMATION
fixed length control field 151016s9999 xx 000 0 und d
020 ## - INTERNATIONAL STANDARD BOOK NUMBER
International Standard Book Number 9.7816809412e+012
040 ## - CATALOGING SOURCE
Transcribing agency LIC
082 ## - DEWEY DECIMAL CLASSIFICATION NUMBER
Classification number DC 621.38422
082 ## - DEWEY DECIMAL CLASSIFICATION NUMBER
Item number H236
245 ## - TITLE STATEMENT
Title Handbook of algorithms for wireless Networking and Mobile Computing/
245 ## - TITLE STATEMENT
Statement of responsibility, etc. Edited by S. G. Wildman
260 ## - PUBLICATION, DISTRIBUTION, ETC. (IMPRINT)
Place of publication, distribution, etc. New York
260 ## - PUBLICATION, DISTRIBUTION, ETC. (IMPRINT)
Name of publisher, distributor, etc. Arcler Press LLC
260 ## - PUBLICATION, DISTRIBUTION, ETC. (IMPRINT)
Date of publication, distribution, etc. c2015
300 ## - PHYSICAL DESCRIPTION
Extent vi, 330 pages;
300 ## - PHYSICAL DESCRIPTION
Dimensions 25 cm.
504 ## - BIBLIOGRAPHY, ETC. NOTE
Bibliography, etc Includes index
650 ## - SUBJECT ADDED ENTRY--TOPICAL TERM
Topical term or geographic name as entry element Mobile Communication Systems
9 (RLIN) 48394
650 ## - SUBJECT ADDED ENTRY--TOPICAL TERM
Topical term or geographic name as entry element Mobile Computing
9 (RLIN) 10591
650 ## - SUBJECT ADDED ENTRY--TOPICAL TERM
Topical term or geographic name as entry element Wireless Communication Systems
General subdivision Design and Construction
-- Mathematics
9 (RLIN) 48395
942 ## - ADDED ENTRY ELEMENTS (KOHA)
Koha item type Books
Source of classification or shelving scheme Dewey Decimal Classification
942 ## - ADDED ENTRY ELEMENTS (KOHA)
Institution code [OBSOLETE] DDC
Source of classification or shelving scheme Dewey Decimal Classification
Koha item type Circulation
Holdings
Withdrawn status Lost status Source of classification or shelving scheme Damaged status Not for loan Collection code Home library Current library Date acquired Source of acquisition Total Checkouts Full call number Barcode Date last seen Copy number Price effective from Koha item type
    Dewey Decimal Classification     Circulation UM Digos College - LIC UM Digos College - LIC 08/28/2015 Purchased   DC 621.38422 H236 2015 23358 05/15/2025 1 10/24/2015 Circulation